Ordenes religiosas no misioneras en Indias /

Sparad:
Bibliografiska uppgifter
Huvudupphov: Bayle, Constantino (autor)
Materialtyp: Bok
Språk:spanska
Ämnen:
Taggar: Lägg till en tagg
Inga taggar, Lägg till första taggen!

MARC

LEADER 00000nam^a2200000^a^4500
001 000130687
005 20250521000000.0
009 20260310094955.31
037 |a Acervo ITESO - Biblioteca 
041 |a ESP 
082 |a 980. 013  |b BAY 
100 |a Bayle, Constantino  |e (autor) 
245 1 0 |a Ordenes religiosas no misioneras en Indias /  |c C. Bayle. 
264 |a Madrid, España :  |b Gráficas Yagües,  |c 1944 
300 |a 42 p. 
336 |a texto  |b txt  |2 rdacontenido 
337 |a sin mediación  |b n  |2 rdamedio 
338 |a volumen  |b nc  |2 rdasoporte 
649 |a XX 
650 |a Monasticismo y Ordenes Religiosas -  |z América -  |x Historia 
650 |a Iglesia Católica en América -  |x Historia 
650 |a Catolicismo -  |z América -  |x Historia 
650 |a Cristianismo -  |z América -  |x Historia 
650 |a Religión -  |z América -  |x Historia 
650 |a América -  |x Historia -  |y Epoca Colonial 
910 |a Fondo Salvador Reynoso Reynoso 
920 |a Impresos - Libros 
930 |a Fondos Especiales 
905 |a 112 
901 |a 0800012028  |b IT2  |c ESP  |u 20250521 
902 |a https://opac.biblio.iteso.mx/vufind/Record/000130687